00506nam a2200109Ia 4500008004100000050002400041100002800065245018200093260008600275300002000361521001500381140724s9999 xx 000 0 und d aHF 5381b.G163 2013 aGallardo, Jannabelle O. aParents' parenting styles and academic performance of selected high and low college academic achievers of Southville International School and Colleges /cJannabelle O. Gallardo. aLas Piñas, Philippines :bSouthville International School and Colleges,cc2013. a63 p. :c28 cm. aPsychology